Tatemae and honne : Distinguishing between good form and real intention in Japanese business culture
This alphabetically arranged glossary of more than five hundred Japanese business terms provides American managers with an understanding of the Japanese corporate value system and operational modes.
Gardado en:
| Autor Corporativo: | |
|---|---|
| Formato: | Libro |
| Idioma: | Undetermined |
| Publicado: |
New York
Free Press
1988
|
| Những chủ đề: | |
| Các nhãn: |
Engadir etiqueta
Sen Etiquetas, Sexa o primeiro en etiquetar este rexistro!
|
| Thư viện lưu trữ: | Trung tâm Học liệu Trường Đại học Cần Thơ |
|---|
| LEADER | 00839nam a2200217Ia 4500 | ||
|---|---|---|---|
| 001 | CTU_87783 | ||
| 008 | 210402s9999 xx 000 0 und d | ||
| 082 | |a 302.35 | ||
| 082 | |b M684 | ||
| 110 | |a Mitsubishi Corporation | ||
| 245 | 0 | |a Tatemae and honne : | |
| 245 | 0 | |b Distinguishing between good form and real intention in Japanese business culture | |
| 245 | 0 | |c Mitsubishi Corporation | |
| 260 | |a New York | ||
| 260 | |b Free Press | ||
| 260 | |c 1988 | ||
| 520 | |a This alphabetically arranged glossary of more than five hundred Japanese business terms provides American managers with an understanding of the Japanese corporate value system and operational modes. | ||
| 650 | |a Japan,Nhật Bản | ||
| 650 | |x Commerce,Thương mại | ||
| 904 | |i Trọng Hiếu | ||
| 980 | |a Trung tâm Học liệu Trường Đại học Cần Thơ | ||